Disney Princesses - Sudden Death - Statistics

General Stats
  • This quiz has been taken 331 times
  • The average score is 4 of 9
Answers on the Grid
Answers color-coded by a green-red scale on the quiz's grid according to % correct below.
Anna
Esmeralda
Cinderella
Alice
Aurora
Belle
Mirabel
Raya
Elsa
Pocahontas
Kida
Mulan
Vanellope von Schweetz
Merida
Giselle
Moana
Jasmine
Tinker Bell
Megara
Jane Porter
 
Answer Stats
Answer % Correct
Cinderella
77%
Aurora
61%
Belle
61%
Mulan
46%
Pocahontas
44%
Jasmine
43%
Moana
40%
Merida
34%
Raya
23%
No matching quizzes found
Score Distribution
Percent of People with Each Score
Percentile by Number Answered
Your Score History
You have not taken this quiz